Science Quiz

Random Science Quiz

Name that engineer (peytons quiz) Stats

 Plays Quiz not verified by Sporcle

Challenge
Share
Tweet
Embed
Score 0/14 Timer 04:00
0 Plays Today
Question Answer Wrong Answers
What engineer helps the environment? Agricultural and biological engineer
100%
Your mom
0%
Chuk norice
0%
BB8
0%
Who builds schools, buildings, and roads. also oversees construction? Civil engineer
100%
Construction worker
0%
Beaver
0%
Ant
0%
Who builds space craft and/or space telescopes? Aetospace engineer
100%
The goverment
0%
Pilots
0%
Astonants
0%
Who works on nuclear reactors? Nuclear engineer
100%
Homer
0%
Atoms
0%
Molecules
0%
Which is NOT a engineer? All of the above
100%
Chuck nois
0%
Spoke
0%
None of the above
0%
Who builds air craft carriers to children toys? Mechanical engineer
75%
Mechanics
0%
U.S. navy
0%
Chuck noris
0%
Who works most on chemistry from cosmetics to fire-resistant things? Chemical engineer
75%
Mad scientist
0%
Dr frakinestine
0%
Scientist
0%
Who monitors manufacturing possesses? Manufacturing engineer
75%
Mechiens
0%
Bat man
0%
Edison
0%
Who looks for new fuel/gasoline? Petroleum engineer
75%
Mole
0%
Minner
0%
Explorer
0%
Who works one every thing that is technology? Computer scientist
50%
Geek
25%
R2D2
0%
C3PO
0%
Who makes new medicine? Bioengineering & Biomedical engineer
50%
Pharamesist
25%
Doctors
0%
Nurses
0%
Which engineer makes the most money? Aerospace
25%
Civil engineer
0%
Computure engineer
50%
Materials engineer
0%
Who designs mp3 players and communication devices? Vidio game makers
25%
Phone compunys
0%
Eletrical engineer
50%
Jawas
0%
Who is very organized? Industrial engineer
25%
Person that is orgenize
25%
Acountant
0%
Sectary
25%

You're not logged in!

Compare scores with friends on all Sporcle quizzes.
Join for Free
OR
Log In

You Might Also Like...

Show Comments

Extras

Created Sep 21, 2016ReportNominate
Tags:peyton

Top Quizzes Today


Score Distribution

Your Account Isn't Verified!

In order to create a playlist on Sporcle, you need to verify the email address you used during registration. Go to your Sporcle Settings to finish the process.

Report this User

Report this user for behavior that violates our Community Guidelines.

Details: